[Event "BL 8990 Regensburg-München 36"]
[Site "?"]
[Date "1990.??.??"]
[Round "?.5"]
[White "Goetz, R."]
[Black "Rother, C."]
[Result "1-0"]
[WhiteElo "2315"]
[BlackElo "2360"]
[PlyCount "93"]
[EventDate "1990.??.??"]

1. e4 e6 2. d4 d5 3. Nd2 c5 4. Ngf3 cxd4 5. Nxd4 Nc6 6. Nxc6 bxc6 7. Bd3 Bc5 8.
O-O Ne7 9. Qh5 Ng6 10. Nf3 Qb6 11. c4 Ba6 12. b3 dxc4 13. Bxc4 Bxc4 14. bxc4
Bd4 15. Nxd4 Qxd4 16. Ba3 Qxc4 17. Rac1 Qxe4 18. Qc5 O-O-O 19. Qb5 Kc7 20. Qa5+
Kb8 21. Rb1+ Ka8 22. Rfe1 Qd5 23. Qa6 Rd7 24. g3 e5 25. Rec1 Qf3 26. Bd6 Qe4
27. Rb4 Qd5 28. Rxc6 Qd1+ 29. Kg2 Qd5+ 30. Kg1 Qd1+ 31. Kg2 Qd5+ 32. Kh3 Qe6+
33. g4 Qe8 34. Rcc4 Re7 35. Rb8+ Qxb8 36. Bxb8 Nf4+ 37. Rxf4 exf4 38. Bxf4 h5
39. g5 Rb7 40. Qc6 Rd8 41. Kh4 g6 42. a4 a5 43. Bd6 Ka7 44. Qc5+ Ka6 45. Bc7
Rd4+ 46. Qxd4 Rxc7 47. Qd6+ 1-0

[Event "BL 8990 Regensburg-München 36"]
[Site "?"]
[Date "1990.??.??"]
[Round "?.7"]
[White "Koepf, U."]
[Black "Muehl, T."]
[Result "1/2-1/2"]
[WhiteElo "2260"]
[BlackElo "2280"]
[PlyCount "92"]
[EventDate "1990.??.??"]

1. d4 e6 2. Nf3 f5 3. g3 Nf6 4. Bg2 d5 5. c4 c6 6. O-O Bd6 7. Bf4 Bxf4 8. gxf4
O-O 9. Nbd2 Ne4 10. Rc1 Kh8 11. cxd5 exd5 12. Ne5 Nxd2 13. Qxd2 Nd7 14. Qb4
Nxe5 15. dxe5 Rf7 16. Rfd1 Be6 17. e3 Qh4 18. Qd6 Re8 19. Rd4 Rd7 20. Qa3 a6
21. b4 Rg8 22. Qb2 g5 23. fxg5 Qxg5 24. f4 Qg4 25. Rd2 Qf3 26. Re1 d4 27. Rf2
Qe4 28. Kh1 Rxg2 29. Rxg2 Bd5 30. Ree2 Rg7 31. Kg1 Bc4 32. Rxg7 Bxe2 33. Rg2
Qxe3+ 34. Rf2 Bh5 35. e6 Kg7 36. Qd2 Qe4 37. Rg2+ Kf6 38. e7 Kxe7 39. Kf2 Bf7
40. Qe2 Bg6 41. Qxe4+ fxe4 42. Rg5 Kf6 43. Re5 Bf5 44. a3 h6 45. h4 h5 46. Ke2
Bg4+ 1/2-1/2

[Event "BL 8990 Bamberg-Bayern"]
[Site "?"]
[Date "1990.??.??"]
[Round "?.2"]
[White "Pfleger, He"]
[Black "Ribli, Z."]
[Result "1/2-1/2"]
[WhiteElo "2505"]
[BlackElo "2605"]
[PlyCount "47"]
[EventDate "1990.??.??"]

1. c4 g6 2. Nc3 c5 3. g3 Bg7 4. Bg2 Nc6 5. Nf3 e6 6. O-O Nge7 7. d3 O-O 8. Bd2
b6 9. a3 Bb7 10. Rb1 d6 11. b4 Qd7 12. e3 Rac8 13. Qe2 Ba8 14. Rfd1 Rfe8 15.
Be1 h6 16. h3 cxb4 17. axb4 d5 18. cxd5 Nxb4 19. dxe6 Qxe6 20. Rxb4 Bxc3 21.
Bxc3 Rxc3 22. Nd4 Qd7 23. Bxa8 Rxa8 24. Qf3 1/2-1/2

[Event "BL 8990 Bamberg-Bayern"]
[Site "?"]
[Date "1990.??.??"]
[Round "?.3"]
[White "Kindermann, S."]
[Black "Meister, P."]
[Result "0-1"]
[WhiteElo "2530"]
[BlackElo "2425"]
[PlyCount "90"]
[EventDate "1990.??.??"]

1. e4 e6 2. d4 d5 3. Nc3 Nf6 4. Bg5 dxe4 5. Nxe4 Be7 6. Bxf6 gxf6 7. Bc4 b6 8.
Nf3 Bb7 9. Qe2 c6 10. O-O Qc7 11. Rfe1 Nd7 12. Ng3 O-O-O 13. a4 a5 14. Ba6 h5
15. c3 h4 16. Nf1 Nf8 17. b4 axb4 18. cxb4 Ng6 19. Rec1 Nf4 20. Bxb7+ Kxb7 21.
Qc4 Rhg8 22. Ne3 Nxg2 23. Nxg2 h3 24. b5 Rxg2+ 25. Kf1 c5 26. a5 Qf4 27. Qe2
Rgg8 28. Rc4 cxd4 29. axb6 Ra8 30. Rd1 Ra3 31. Rc7+ Kxb6 32. Rc6+ Kb7 33. Rdc1
Qxf3 34. Rc7+ Kb8 35. Qxf3 Rxf3 36. Rxe7 Rg2 37. Rcc7 Rfxf2+ 38. Ke1 Re2+ 39.
Kd1 Rd2+ 40. Kc1 Ra2 41. Kb1 Rgb2+ 42. Kc1 Rxh2 43. Rb7+ Ka8 44. Kb1 Rhb2+ 45.
Kc1 h2 0-1

[Event "BL 8990 Bamberg-Bayern"]
[Site "?"]
[Date "1990.??.??"]
[Round "?.4"]
[White "Kurz, A."]
[Black "Hickl, J."]
[Result "1-0"]
[WhiteElo "2285"]
[BlackElo "2510"]
[PlyCount "47"]
[EventDate "1990.??.??"]

1. d4 Nf6 2. c4 c5 3. d5 e5 4. Nc3 d6 5. e4 Be7 6. g3 a6 7. Bg2 Nbd7 8. Nge2 h5
9. h4 Nf8 10. Be3 g6 11. a3 Ng4 12. Bd2 f5 13. f3 Nh6 14. f4 Nd7 15. Qc2 Nf6
16. fxe5 dxe5 17. O-O-O Nf7 18. d6 Nxd6 19. Nf4 Kf7 20. Nd3 Nxc4 21. Bg5 Qe8
22. Nd5 b5 23. Nc7 Qc6 24. Qxc4+ 1-0

[Event "BL 8990 Bamberg-Bayern"]
[Site "?"]
[Date "1990.??.??"]
[Round "?.5"]
[White "Bischoff, K."]
[Black "Goehring, K."]
[Result "1-0"]
[WhiteElo "2530"]
[BlackElo "2310"]
[PlyCount "87"]
[EventDate "1990.??.??"]

1. c4 e5 2. Nc3 Nc6 3. g3 g6 4. Bg2 Bg7 5. e4 d6 6. Nge2 Nge7 7. d3 Be6 8. Nd5
Qd7 9. h4 h6 10. Be3 Nd4 11. Nxd4 exd4 12. Bd2 Qd8 13. b4 c6 14. Nf4 Bd7 15. c5
Qc7 16. Qc2 O-O 17. O-O Rfe8 18. Ne2 dxc5 19. Qxc5 b6 20. Qc1 Kh7 21. Qc4 Be6
22. Qc2 Rac8 23. Nf4 Bd7 24. Qb3 Rf8 25. Rac1 Qd6 26. Rfe1 c5 27. bxc5 bxc5 28.
Qa3 Rc7 29. Nd5 Nxd5 30. exd5 Re8 31. Bf4 Be5 32. Rxe5 Rxe5 33. Qa5 Kg7 34. Qd2
h5 35. Re1 f6 36. Be4 Rc8 37. Rb1 Rb8 38. Rxb8 Qxb8 39. Bxe5 fxe5 40. Qg5 Qe8
41. Kg2 Ba4 42. g4 Bd1 43. f3 hxg4 44. fxg4 1-0

[Event "BL 8990 Bamberg-Bayern"]
[Site "?"]
[Date "1990.??.??"]
[Round "?.6"]
[White "Hartmann, G."]
[Black "Hertneck, G."]
[Result "0-1"]
[WhiteElo "2275"]
[BlackElo "2475"]
[PlyCount "76"]
[EventDate "1990.??.??"]

1. e4 e6 2. d4 d5 3. Nc3 Bb4 4. e5 Ne7 5. Nf3 b6 6. Bb5+ c6 7. Bd3 Ba6 8. O-O
Bxc3 9. bxc3 Bxd3 10. Qxd3 Qc8 11. a4 Nd7 12. Ba3 c5 13. a5 Qc6 14. Rfb1 O-O
15. Ng5 Ng6 16. h4 h6 17. h5 hxg5 18. hxg6 fxg6 19. Qxg6 Rf5 20. Bc1 cxd4 21.
cxd4 bxa5 22. Be3 a4 23. g4 Nf8 24. Qh5 Rf7 25. Rc1 Rb8 26. Kg2 g6 27. Qxg5 Rb2
28. Qd8 Qc4 29. Qe8 Qe2 30. Rxa4 Qxg4+ 31. Kf1 Rh7 32. Ke1 Rc7 33. Bh6 Qg1+ 34.
Ke2 Rbxc2+ 35. Rxc2 Rxc2+ 36. Bd2 Qg4+ 37. Ke1 Qe4+ 38. Kd1 Qd3 0-1

[Event "BL 8990 München 36-Bamberg"]
[Site "?"]
[Date "1990.??.??"]
[Round "?.1"]
[White "Pfleger, He"]
[Black "Smejkal, J."]
[Result "1/2-1/2"]
[WhiteElo "2505"]
[BlackElo "2545"]
[PlyCount "21"]
[EventDate "1990.??.??"]

1. Nf3 Nf6 2. c4 g6 3. g3 Bg7 4. Bg2 O-O 5. O-O d6 6. Nc3 e5 7. d4 Nc6 8. dxe5
Nxe5 9. Nxe5 dxe5 10. Bg5 Qxd1 11. Rfxd1 1/2-1/2

[Event "BL 8990 München 36-Bamberg"]
[Site "?"]
[Date "1990.??.??"]
[Round "?.2"]
[White "Ftacnik, L."]
[Black "Meister, P."]
[Result "0-1"]
[WhiteElo "2550"]
[BlackElo "2425"]
[PlyCount "92"]
[EventDate "1990.??.??"]

1. d4 e6 2. Nf3 f5 3. g3 Nf6 4. Bg2 d5 5. b3 Bd6 6. Ba3 b6 7. Bxd6 Qxd6 8. O-O
Bb7 9. c4 Nbd7 10. Nc3 c6 11. Qc2 g6 12. cxd5 exd5 13. Qb2 O-O 14. b4 Ne4 15.
Rac1 Rfd8 16. Rfd1 Rac8 17. a4 Ba8 18. e3 a5 19. Na2 axb4 20. Nxb4 c5 21. Nd3
Bc6 22. Ra1 Ra8 23. Qc2 Ra5 24. Nb2 Qe6 25. dxc5 bxc5 26. Nd2 Rb8 27. Nb3 Ra6
28. a5 d4 29. Bf1 Bb5 30. exd4 Bxf1 31. d5 Qe5 32. Rxf1 Qxd5 33. Nc4 Ng5 34. f3
Nxf3+ 35. Rxf3 Qxf3 36. Nbd2 Qe2 37. Rf1 Nf6 38. Rf2 Qe6 39. Qd3 Re8 40. Nf3
Raa8 41. Ng5 Qd5 42. Qc3 Ne4 43. Nxe4 Qxe4 44. Nd2 Qb4 45. Qf6 Qxa5 46. Rxf5
Qa1+ 0-1

[Event "BL 8990 München 36-Bamberg"]
[Site "?"]
[Date "1990.??.??"]
[Round "?.3"]
[White "Kurz, A."]
[Black "Bastian, H."]
[Result "1-0"]
[WhiteElo "2285"]
[BlackElo "2340"]
[PlyCount "129"]
[EventDate "1990.??.??"]

1. d4 Nf6 2. c4 c6 3. Nc3 d5 4. Nf3 g6 5. cxd5 cxd5 6. Qb3 Nc6 7. Bg5 Na5 8.
Qd1 Bg7 9. e3 O-O 10. Rc1 Bf5 11. Be2 h6 12. Bh4 Rc8 13. O-O g5 14. Bg3 Nc4 15.
b3 Nd6 16. Qd2 Nfe4 17. Nxe4 Nxe4 18. Qb4 Qd7 19. Bb5 Qe6 20. Bc7 Rxc7 21. Rxc7
Qb6 22. Rfc1 a6 23. Ne5 axb5 24. Qxe7 Bf6 25. Rxb7 Qa5 26. Qc7 Qxc7 27. Rcxc7
Nd6 28. Ra7 Be6 29. Nd7 Bxd7 30. Rxd7 Rc8 31. f3 Rc6 32. Rac7 Ra6 33. g4 Kg7
34. Rc5 Ne8 35. Rxb5 Rxa2 36. Rbxd5 Kf8 37. b4 Be7 38. Re5 Ra1+ 39. Kf2 Ra2+
40. Kf1 Bf6 41. Rf5 Rb2 42. Rb5 Rb1+ 43. Ke2 Rb2+ 44. Kd1 Rb3 45. Kd2 Be7 46.
Rbb7 Bxb4+ 47. Ke2 Rb2+ 48. Kd1 Ba3 49. Rxf7+ Kg8 50. Rfd7 Rxb7 51. Rxb7 Nf6
52. Ke2 Kf8 53. Kd3 Bd6 54. h3 Be7 55. e4 Ke8 56. Kc4 Nd7 57. Kd5 Nf8 58. Rb6
Kf7 59. Rxh6 Ng6 60. e5 Kg7 61. Rxg6+ Kxg6 62. Ke6 Bb4 63. d5 Kg7 64. d6 Kf8
65. Kd7 1-0

[Event "BL 8990 München 36-Bamberg"]
[Site "?"]
[Date "1990.??.??"]
[Round "?.4"]
[White "Pichler, J."]
[Black "Goehring, K."]
[Result "0-1"]
[WhiteElo "2325"]
[BlackElo "2310"]
[PlyCount "88"]
[EventDate "1990.??.??"]

1. d4 Nf6 2. Nf3 d5 3. c4 e6 4. Nc3 Be7 5. Bg5 h6 6. Bh4 O-O 7. e3 b6 8. Be2
Bb7 9. Bxf6 Bxf6 10. cxd5 exd5 11. Qb3 Re8 12. O-O c6 13. Rfd1 Nd7 14. Rac1 Nf8
15. Ne1 Ne6 16. Bg4 g6 17. Nd3 h5 18. Bxe6 Rxe6 19. Ne2 Rb8 20. Nef4 Re7 21.
Nb4 Qd6 22. Qa3 Rd8 23. Nbd3 Qxa3 24. bxa3 Rd6 25. Nb4 a5 26. Nbd3 Ba6 27. Rb1
Bb5 28. g3 h4 29. Rd2 hxg3 30. hxg3 a4 31. Rxb5 cxb5 32. Nb4 Red7 33. Rc2 g5
34. Ne2 Bd8 35. Rc8 Rc7 36. Rxc7 Bxc7 37. Nc3 Rd8 38. Nc6 Rd6 39. Nxd5 Kf8 40.
Ncb4 Bd8 41. Nc3 Be7 42. Nxb5 Rf6 43. Nd3 Rc6 44. Nb2 Rc1+ 0-1

[Event "BL 8990 München 36-Bamberg"]
[Site "?"]
[Date "1990.??.??"]
[Round "?.5"]
[White "Hartmann, G."]
[Black "Goetz, R."]
[Result "1/2-1/2"]
[WhiteElo "2275"]
[BlackElo "2315"]
[PlyCount "101"]
[EventDate "1990.??.??"]

1. e4 c5 2. Nf3 Nc6 3. d4 cxd4 4. Nxd4 Nf6 5. Nc3 e5 6. Ndb5 d6 7. Bg5 a6 8.
Na3 b5 9. Nd5 Be7 10. Nxe7 Nxe7 11. Bxf6 gxf6 12. Qf3 f5 13. exf5 Bxf5 14. Bd3
Be6 15. O-O O-O 16. Qg3+ Kh8 17. f4 Bd5 18. Qe3 Qc7 19. Rae1 f6 20. b3 Qa7 21.
Qxa7 Rxa7 22. fxe5 Rg8 23. g3 fxe5 24. c4 bxc4 25. bxc4 Bc6 26. Rf6 Rd8 27. Nc2
Ng8 28. Rf2 Re7 29. Ne3 e4 30. Bf1 Re5 31. Rb1 a5 32. Rb6 Ne7 33. Rf7 Be8 34.
Rf6 Nc6 35. Rf8+ Kg7 36. Rxe8 Rdxe8 37. Rxc6 Rb8 38. Rxd6 Rb2 39. a4 Ra2 40. g4
Rxa4 41. Kf2 Ra3 42. h4 a4 43. Ra6 Kf8 44. g5 Re7 45. Ra8+ Re8 46. Ra5 Rb8 47.
Be2 Rb2 48. Nd1 Rc2 49. Ne3 Rb2 50. Nd1 Rc2 51. Ne3 1/2-1/2

[Event "BL 8990 München 36-Bamberg"]
[Site "?"]
[Date "1990.??.??"]
[Round "?.7"]
[White "Kestler, H."]
[Black "Koepf, U."]
[Result "1/2-1/2"]
[WhiteElo "2355"]
[BlackElo "2260"]
[PlyCount "26"]
[EventDate "1990.??.??"]

1. d4 Nf6 2. Nf3 e6 3. Bg5 Be7 4. e3 b6 5. Nbd2 Bb7 6. Bd3 d6 7. O-O Nbd7 8. e4
h6 9. Bxf6 Bxf6 10. Qe2 e5 11. dxe5 dxe5 12. Ba6 Bxa6 13. Qxa6 Nc5 1/2-1/2

[Event "BL 8990 Bayern-Regensburg"]
[Site "?"]
[Date "1990.??.??"]
[Round "?.1"]
[White "Meduna, E."]
[Black "Huebner, R."]
[Result "1/2-1/2"]
[WhiteElo "2475"]
[BlackElo "2605"]
[PlyCount "28"]
[EventDate "1990.??.??"]

1. d4 Nf6 2. Nf3 d5 3. Bf4 c5 4. c3 Qb6 5. Qb3 e6 6. e3 Be7 7. Nbd2 Nc6 8. Be2
O-O 9. O-O Bd7 10. Qxb6 axb6 11. Bc7 Bd8 12. Bd6 Be7 13. Bc7 Bd8 14. Bd6 Be7
1/2-1/2

[Event "BL 8990 Bayern-Regensburg"]
[Site "?"]
[Date "1990.??.??"]
[Round "?.2"]
[White "Ribli, Z."]
[Black "Gross, S."]
[Result "1-0"]
[WhiteElo "2605"]
[BlackElo "2435"]
[PlyCount "107"]
[EventDate "1990.??.??"]

1. Nf3 g6 2. d4 Bg7 3. e4 d6 4. Be2 Nf6 5. Nc3 O-O 6. O-O a6 7. a4 b6 8. Bf4
Nc6 9. h3 Qe8 10. e5 Nd7 11. exd6 cxd6 12. Qd2 Bb7 13. Bh6 Qd8 14. Bxg7 Kxg7
15. Nd5 e6 16. Ne3 Ne7 17. c4 d5 18. c5 bxc5 19. dxc5 e5 20. b4 f6 21. Rac1 Rc8
22. Rfd1 Rc7 23. Ne1 a5 24. Bb5 axb4 25. Qxb4 Nb8 26. Nc4 Nbc6 27. Qb2 Nd4 28.
Rxd4 exd4 29. Nd6 Nf5 30. Nxf5+ gxf5 31. Nf3 Qe7 32. c6 Bc8 33. Qxd4 Qe4 34.
Qc5 f4 35. Re1 Qg6 36. Qd6 Rff7 37. Kh2 Qf5 38. Re8 Qc2 39. Re2 Qf5 40. Re8 Qc2
41. Re2 Qf5 42. Nd4 Qh5 43. Re8 f3 44. Re3 Qh4 45. Nxf3 Qxf2 46. Re2 Qa7 47.
Re8 Bf5 48. Qg3+ Bg6 49. Nh4 Rf8 50. Nf5+ Kg8 51. Rxf8+ Kxf8 52. Qd6+ Ke8 53.
Qe6+ Kf8 54. Qxf6+ 1-0

[Event "BL 8990 Bayern-Regensburg"]
[Site "?"]
[Date "1990.??.??"]
[Round "?.3"]
[White "Speckner, R."]
[Black "Kindermann, S."]
[Result "1/2-1/2"]
[WhiteElo "2235"]
[BlackElo "2530"]
[PlyCount "38"]
[EventDate "1990.??.??"]

1. e4 e6 2. d4 d5 3. Nc3 Bb4 4. e5 c5 5. a3 Bxc3+ 6. bxc3 Ne7 7. h4 Qc7 8. Nf3
b6 9. h5 h6 10. Bb5+ Bd7 11. Bd3 c4 12. Be2 Ba4 13. g3 Nbc6 14. Kf1 O-O-O 15.
Kg2 Kb7 16. Bf4 Qd7 17. Qd2 Rdf8 18. Nh2 Ka8 19. Ng4 Nf5 1/2-1/2

[Event "BL 8990 Bayern-Regensburg"]
[Site "?"]
[Date "1990.??.??"]
[Round "?.4"]
[White "Hickl, J."]
[Black "Mandl, Ro"]
[Result "1/2-1/2"]
[WhiteElo "2510"]
[BlackElo "2285"]
[PlyCount "78"]
[EventDate "1990.??.??"]

1. e4 e5 2. Nc3 Nf6 3. g3 d5 4. exd5 Nxd5 5. Bg2 Nxc3 6. bxc3 Bd6 7. Nf3 O-O 8.
O-O Re8 9. d3 Nd7 10. Re1 Nf6 11. Rb1 Rb8 12. c4 e4 13. dxe4 Rxe4 14. Rxe4 Nxe4
15. Qd4 Nc5 16. Bb2 Qf8 17. Ne5 Bf5 18. Re1 Re8 19. Bd5 Bg6 20. Re3 Rxe5 21.
Rxe5 Bxe5 22. Qxe5 c6 23. Bf3 f6 24. Qe3 Bxc2 25. Ba3 b6 26. Bxc6 Bg6 27. Bd5+
Bf7 28. h4 h6 29. Kh2 Qc8 30. Bxc5 Bxd5 31. cxd5 Qxc5 32. Qe8+ Kh7 33. Qe4+ Kg8
34. Qe8+ Kh7 35. Qe4+ Kg8 36. Kg2 Kf8 37. Qe6 Qe7 38. Qc8+ Kf7 39. Qc4 Qd6
1/2-1/2

[Event "BL 8990 Bayern-Regensburg"]
[Site "?"]
[Date "1990.??.??"]
[Round "?.5"]
[White "Rother, C."]
[Black "Bischoff, K."]
[Result "0-1"]
[WhiteElo "2360"]
[BlackElo "2530"]
[PlyCount "76"]
[EventDate "1990.??.??"]

1. c4 Nf6 2. Nc3 c5 3. g3 e6 4. Bg2 Be7 5. Nf3 O-O 6. O-O a6 7. b3 Qc7 8. Bb2
d6 9. e3 Nbd7 10. Qe2 Rd8 11. Ng5 h6 12. Nf3 Nf8 13. d3 Bd7 14. a4 Bc6 15. e4
Ng6 16. Nd2 Nd7 17. f4 Bf6 18. Nf3 Re8 19. Rae1 Rab8 20. Qd1 b5 21. f5 Nge5 22.
fxe6 fxe6 23. axb5 axb5 24. cxb5 Bxb5 25. Nxb5 Rxb5 26. Nxe5 Bxe5 27. Qh5 Re7
28. Bc1 Qb8 29. Bh3 Nf6 30. Qh4 Qf8 31. Bg4 Rxb3 32. Qh3 Qe8 33. Be2 Qg6 34.
Rf3 c4 35. dxc4 Qxe4 36. Qf1 Rc7 37. Bd1 Rxf3 38. Bxf3 Qxc4 0-1

[Event "BL 8990 Bayern-Regensburg"]
[Site "?"]
[Date "1990.??.??"]
[Round "?.6"]
[White "Hertneck, G."]
[Black "Schmid, G."]
[Result "1-0"]
[WhiteElo "2475"]
[BlackElo "2315"]
[PlyCount "121"]
[EventDate "1990.??.??"]

1. d4 Nf6 2. c4 g6 3. Nc3 Bg7 4. e4 d6 5. Be2 O-O 6. Nf3 e5 7. O-O Nc6 8. d5
Ne7 9. Nd2 c5 10. Rb1 Ne8 11. b4 b6 12. bxc5 dxc5 13. a4 Bd7 14. a5 Nc8 15. Qb3
Ned6 16. Qa3 Ne7 17. Nd1 f5 18. f3 Kh8 19. Nf2 Ng8 20. Bb2 Qg5 21. Bc3 Qe7 22.
Rb3 Rfe8 23. Ra1 Rab8 24. axb6 axb6 25. Qb2 Nc8 26. Nd3 f4 27. Ra6 Rb7 28. d6
Qxd6 29. Nxf4 Ba4 30. Nxg6+ Qxg6 31. Rxa4 Qg5 32. Nf1 Rd7 33. Bd2 Qd8 34. Raa3
Nge7 35. Rd3 Nc6 36. Bg5 Qc7 37. Rxd7 Qxd7 38. Ne3 Nd4 39. Nd5 Nd6 40. Nxb6 Qb7
41. Bf1 h6 42. Bc1 Rb8 43. Na4 Qb4 44. Qc3 Nb3 45. Qxb4 Rxb4 46. Be3 Nd4 47.
Nxc5 Nxc4 48. Bxc4 Rxc4 49. Bxd4 exd4 50. Ne6 Be5 51. f4 Bd6 52. Ra8+ Kh7 53.
Rd8 Bb4 54. Kf1 Bc3 55. Ke2 Ra4 56. f5 h5 57. Kf3 Ra3 58. Kf4 d3 59. Rxd3 Be5+
60. Ke3 Rxd3+ 61. Kxd3 1-0

[Event "BL 8990 Bayern-Regensburg"]
[Site "?"]
[Date "1990.??.??"]
[Round "?.7"]
[White "Muehl, T."]
[Black "Schlosser, P."]
[Result "0-1"]
[WhiteElo "2280"]
[BlackElo "2475"]
[PlyCount "80"]
[EventDate "1990.??.??"]

1. d4 d5 2. e3 Nf6 3. f4 c5 4. c3 g6 5. Nf3 Bg7 6. Bd3 O-O 7. O-O b6 8. Qe2 Bb7
9. Bd2 Qc8 10. Ne5 Ba6 11. Be1 Bxd3 12. Qxd3 Qa6 13. Nd2 Qxd3 14. Nxd3 Rc8 15.
Bh4 e6 16. Bxf6 Bxf6 17. Rac1 Na6 18. Nf3 Be7 19. g4 b5 20. a3 c4 21. Nde1 Nc7
22. Nc2 a5 23. Nd2 Rab8 24. e4 b4 25. axb4 axb4 26. Ne3 bxc3 27. bxc3 Rb2 28.
Rf2 Ra8 29. exd5 exd5 30. Ndf1 Raa2 31. Rxb2 Rxb2 32. Ng2 Ba3 33. Re1 Rc2 34.
Re3 Kf8 35. Ng3 Bc1 36. Re5 Bd2 37. Ne2 f6 38. Ne3 Rc1+ 39. Nxc1 fxe5 40. Nc2
exd4 0-1

[Event "BL 8990 Koblenz-Delmenhorst"]
[Site "?"]
[Date "1990.??.??"]
[Round "?.1"]
[White "Armas, I."]
[Black "Garcia Palermo, C."]
[Result "1-0"]
[WhiteElo "2480"]
[BlackElo "2465"]
[PlyCount "71"]
[EventDate "1990.??.??"]

1. e4 e5 2. Nf3 Nc6 3. Bc4 Nf6 4. d3 Be7 5. Bb3 O-O 6. O-O d5 7. exd5 Nxd5 8.
Re1 Bg4 9. h3 Bxf3 10. Qxf3 Nb6 11. Nc3 Bg5 12. Be3 Bxe3 13. Rxe3 Kh8 14. Na4
Nxa4 15. Bxa4 Qd4 16. Bxc6 Qxb2 17. Rae1 bxc6 18. Rxe5 Qxc2 19. R1e2 Qc1+ 20.
Kh2 Kg8 21. Re7 Rac8 22. Rd7 Qa3 23. Qxc6 h6 24. Qc4 Qa5 25. Ree7 Qf5 26. Qd4
c5 27. Qe3 a6 28. Rd6 c4 29. Re5 Qh7 30. dxc4 Rxc4 31. Rd8 g5 32. Ree8 Rxe8 33.
Qxe8+ Kg7 34. Qe5+ f6 35. Rd7+ Kg6 36. Qe8+ 1-0

[Event "BL 8990 Koblenz-Delmenhorst"]
[Site "?"]
[Date "1990.??.??"]
[Round "?.3"]
[White "Hermann, Man"]
[Black "Wolf, V."]
[Result "1-0"]
[WhiteElo "2360"]
[BlackElo "2340"]
[PlyCount "113"]
[EventDate "1990.??.??"]

1. e4 Nf6 2. e5 Nd5 3. c4 Nb6 4. c5 Nd5 5. Bc4 c6 6. Nc3 e6 7. Ne4 b6 8. Nd6+
Bxd6 9. cxd6 Qg5 10. Nf3 Qxg2 11. Rg1 Qh3 12. Rxg7 Ba6 13. d3 h6 14. Qe2 c5 15.
Bd2 Bb7 16. Rg3 Qh5 17. d4 Nb4 18. Bxb4 cxb4 19. O-O-O Nc6 20. Ba6 O-O-O 21.
Bxb7+ Kxb7 22. Qe4 Rc8 23. Kb1 Kb8 24. d5 exd5 25. Rxd5 Rhf8 26. e6 f5 27. exd7
Rcd8 28. Qe6 b3 29. a3 Qf7 30. Qxf7 Rxf7 31. Nd2 Rfxd7 32. Nc4 Re8 33. Rxb3
Re1+ 34. Ka2 Kb7 35. Rbd3 Re4 36. Ne3 Rh4 37. Rxf5 Rxh2 38. Ng4 Rg2 39. f3 Re2
40. Rh5 Re6 41. Rxh6 Rxh6 42. Nxh6 Ne5 43. Re3 Rxd6 44. Nf5 Rd5 45. Ne7 Rb5 46.
b4 Nc4 47. Rd3 Ne5 48. Rd1 Nxf3 49. Rd7+ Kb8 50. Nc6+ Kc8 51. Rf7 Ne5 52. Rf5
Nxc6 53. Rxb5 Kc7 54. Rh5 a6 55. Rh7+ Kd6 56. Kb3 a5 57. Kc4 1-0

[Event "BL 8990 Koblenz-Delmenhorst"]
[Site "?"]
[Date "1990.??.??"]
[Round "?.4"]
[White "Schulz, KJ."]
[Black "Borik, O."]
[Result "1/2-1/2"]
[WhiteElo "2350"]
[BlackElo "2355"]
[PlyCount "102"]
[EventDate "1990.??.??"]

1. c4 Nf6 2. Nc3 g6 3. g3 Bg7 4. Bg2 O-O 5. Nf3 d6 6. d4 Nbd7 7. O-O e5 8. e4
c6 9. h3 Qb6 10. Re1 exd4 11. Nxd4 Ng4 12. Nce2 Nge5 13. b3 Nc5 14. Be3 Re8 15.
Qc2 a5 16. Rad1 a4 17. Nc1 Qb4 18. Qe2 axb3 19. axb3 Qc3 20. Rd2 Ra1 21. Na2
Rxa2 22. Rxa2 Ned3 23. Rb1 Nb4 24. Rd2 Nxe4 25. Rdd1 Nxg3 26. Qe1 Ne4 27. Ne2
Qxe1+ 28. Rxe1 Nc2 29. Red1 Nxe3 30. fxe3 Bh6 31. Nf4 Nc3 32. Kf2 Bf5 33. Ra1
Nxd1+ 34. Rxd1 g5 35. Nh5 Re6 36. b4 g4 37. e4 Bg6 38. hxg4 Kf8 39. Ng3 Bf4 40.
Nf5 Be5 41. b5 cxb5 42. cxb5 Re8 43. Bf3 Rd8 44. Rc1 Ra8 45. Rc7 b6 46. Rc6
Bxf5 47. exf5 Ra2+ 48. Ke3 Ra3+ 49. Ke2 Ra2+ 50. Kd3 Ra3+ 51. Ke2 Ra2+ 1/2-1/2

[Event "BL 8990 Koblenz-Delmenhorst"]
[Site "?"]
[Date "1990.??.??"]
[Round "?.7"]
[White "Derikum, A."]
[Black "Doncevic, D."]
[Result "1/2-1/2"]
[WhiteElo "2285"]
[BlackElo "2335"]
[PlyCount "35"]
[EventDate "1990.??.??"]

1. c4 e5 2. Nc3 Nf6 3. Nf3 Nc6 4. e3 Be7 5. d4 exd4 6. Nxd4 O-O 7. Be2 d5 8.
cxd5 Nb4 9. O-O Nbxd5 10. Nxd5 Qxd5 11. Qb3 Qxb3 12. Nxb3 Rd8 13. Bd2 Ne4 14.
Be1 Bf6 15. f3 Nd6 16. Rc1 c6 17. Bc3 Bxc3 18. Rxc3 1/2-1/2

[Event "BL 8990 Koblenz-Delmenhorst"]
[Site "?"]
[Date "1990.??.??"]
[Round "?.8"]
[White "Schlick, V."]
[Black "Meyer, H."]
[Result "0-1"]
[WhiteElo "2295"]
[BlackElo "2310"]
[PlyCount "56"]
[EventDate "1990.??.??"]

1. g3 d5 2. Bg2 Nf6 3. c4 c5 4. cxd5 Nxd5 5. Nc3 Nc7 6. f4 g6 7. Ne4 Ne6 8. Nf3
Nc6 9. Nfg5 Qb6 10. O-O Nxg5 11. fxg5 Bg7 12. Kh1 O-O 13. d3 Be6 14. Be3 Nd4
15. b3 Rac8 16. Rc1 Qa5 17. Nc3 Nxb3 18. axb3 Bxc3 19. Rf4 Bd4 20. b4 Qb6 21.
Bg1 Bxg1 22. Qxg1 cxb4 23. Rxc8 Rxc8 24. Qxb6 axb6 25. Kg1 b3 26. Rb4 Rc2 27.
d4 b2 28. Be4 Rxe2 0-1

[Event "BL 8990 Porz-HSK"]
[Site "?"]
[Date "1990.??.??"]
[Round "?.1"]
[White "Wahls, M."]
[Black "Hort, V."]
[Result "1/2-1/2"]
[WhiteElo "2535"]
[BlackElo "2570"]
[PlyCount "37"]
[EventDate "1990.??.??"]

1. e4 e6 2. d4 d5 3. Nd2 c5 4. exd5 Qxd5 5. Ngf3 cxd4 6. Bc4 Qd6 7. O-O Nc6 8.
Nb3 Nf6 9. Nfxd4 a6 10. Be2 Bd7 11. Nxc6 Bxc6 12. Qxd6 Bxd6 13. Rd1 Bc7 14. c4
O-O 15. Nd4 Be4 16. Be3 e5 17. Nf3 Rfd8 18. h3 h5 19. Kf1 1/2-1/2

[Event "BL 8990 Porz-HSK"]
[Site "?"]
[Date "1990.??.??"]
[Round "?.4"]
[White "Fleck, J."]
[Black "Wegner, H."]
[Result "1/2-1/2"]
[WhiteElo "2415"]
[BlackElo "2365"]
[PlyCount "102"]
[EventDate "1990.??.??"]

1. e4 e5 2. Nf3 Nc6 3. Bb5 a6 4. Ba4 Nf6 5. O-O Be7 6. Re1 b5 7. Bb3 O-O 8. c3
d5 9. exd5 Nxd5 10. Nxe5 Nxe5 11. Rxe5 c6 12. d4 Bd6 13. Re1 Qh4 14. g3 Qh3 15.
Be3 Bg4 16. Qd3 Rae8 17. Nd2 Re6 18. Qf1 Qh5 19. a4 bxa4 20. Rxa4 f5 21. f4
Rfe8 22. Qf2 g5 23. fxg5 f4 24. gxf4 Bh3 25. Rxa6 Bxf4 26. Bxd5 Qg4+ 27. Kh1
cxd5 28. Rxe6 Rxe6 29. Nf1 Bxg5 30. Bd2 Bh4 31. Ng3 Bxg3 32. Qxg3 Qxg3 33. hxg3
Rxe1+ 34. Bxe1 Kf7 35. Kg1 Ke6 36. Kf2 Kf5 37. Ke3 Bf1 38. b3 Ba6 39. Bd2 h5
40. Bc1 Kg4 41. Kf2 Bd3 42. c4 dxc4 43. b4 Be4 44. b5 Bb7 45. Ba3 h4 46. gxh4
Kxh4 47. Ke3 Kg4 48. Kd2 Kf5 49. Kc3 Bd5 50. Kb4 Ke6 51. Kc5 c3 1/2-1/2

[Event "BL 8990 Porz-HSK"]
[Site "?"]
[Date "1990.??.??"]
[Round "?.5"]
[White "Michaelsen, N."]
[Black "Lutz, C."]
[Result "0-1"]
[WhiteElo "2345"]
[BlackElo "2410"]
[PlyCount "70"]
[EventDate "1990.??.??"]

1. d4 Nf6 2. c4 g6 3. Nc3 d5 4. Nf3 Bg7 5. Qb3 dxc4 6. Qxc4 O-O 7. Bf4 c6 8. e4
Qa5 9. Bd3 Bg4 10. Qb3 Bxf3 11. gxf3 Nbd7 12. e5 Nd5 13. Bd2 N7b6 14. h4 Rfd8
15. Be4 Qa6 16. h5 Nc4 17. hxg6 hxg6 18. Bg5 Na5 19. Qa3 Qb6 20. O-O-O Rd7 21.
Na4 Qb5 22. Nc5 Rc7 23. Bd3 Qb4 24. Qxb4 Nxb4 25. Bb1 b6 26. Nd3 Nxd3+ 27. Bxd3
c5 28. dxc5 Rxc5+ 29. Kb1 Rxe5 30. f4 Re6 31. b4 Nc6 32. Bc4 Re4 33. Rc1 Nxb4
34. a3 Rd8 35. axb4 Rd2 0-1